000 01007nam a2200301 i 4500
001 18104
003 ES-MaACL
005 20250816062526.0
007 t|
008 010822s2001 sp ||||1| spa d
020 _a84-8307-341-2
080 _a261.7(460)"1936/39"
080 _a322(460)"1936/39"
080 _a946.0"1936/39":282
100 1 _aRaguer, Hilari.
_995001
245 1 3 _aLa pólvora y el incienso
_b: la Iglesia y la Guerra Civil Española (1936-1939) /
_cHilari Raguer.
250 _a1ª ed.
260 _aBarcelona :
_bPenínsula,
_c2001.
300 _a478 p. ;
_c23 cm.
490 1 _aHistoria, ciencia, sociedad ;
_v309
500 _aIndice.
504 _aBibliografía: p. 443-463.
650 4 _aIglesia y Estado-
_zEspaña-
_y1936-1939.
_913556
651 4 _aEspaña-
_xHistoria-
_y1936-1939, Guerra civil-
_xAspectos religiosos.
_98294
830 0 0 _aHistoria, ciencia, sociedad (Península)
_v309
_9177444
852 _aES-MaACL
_jL-24840
_bR.130187
999 _c18104
_d18104